Score 0/14 Timer 06:00
0 Plays Today
Without A-M-E-R-I-C-A Country % Correct
LNDIreland
71.2%
LNDIceland
69.9%
YNYemen
69.9%
DONDominica
51.6%
NGNiger
51%
ONOman
51%
NGNigeria
49.7%
Without A-M-E-R-I-C-A Country % Correct
NDIndia
49%
NDCanada
48.4%
NIran
46.4%
DONMacedonia
39.2%
YNMyanmar
31.4%
NArmenia
26.8%
ONRomania
26.8%

You're not logged in!

Compare scores with friends on all Sporcle quizzes.
OR
Log In

Sporcle TV

Today on Sporcle TV


Watch our educational content, quiz creation guides, and fun videos on Sporcle TV.

Show Comments

Extras

Top Quizzes Today


Score Distribution

Paid Content

Your Account Isn't Verified!

In order to create a playlist on Sporcle, you need to verify the email address you used during registration. Go to your Sporcle Settings to finish the process.

Report this User

Report this user for behavior that violates our Community Guidelines.

Details: